000 00613nam a2200193Ia 4500
003 GCL
008 140319s9999 xx 000 0 ara d
020 _a6005733977
040 _aGCL /
_cGCL
082 0 4 _a210.3
_bح ق
100 1 _aحمدى عبيد
245 1 0 _aالقاموس الاسلامى الموجز عربى - انجليزى\ انجليزى - عربى /
_cحمدى عبيد
250 _aالثانية
260 _aالقاهرة :
_bمطابع الاهرام ،
_c1998
300 _a560 ص ؛
_c24 سم
650 0 4 _aالاسلام
650 0 4 _aالاسلام - معاجم
942 _2ddc
_cBK
999 _c8299
_d8299